Modelová analýza vývoja štátneho rozpočtu SR

Niektoré súvislosti vo vývoji štátneho rozpočtu. Ekonometrický model štátneho rozpočtu SR a jeho experimentálna aplikácia.

Guardado en:
Detalles Bibliográficos
Autor principal: Goga, Marián
Formato: Capítulo de libro
Lenguaje:eslovaco
Materias:
Etiquetas: Agregar Etiqueta
Sin Etiquetas, Sea el primero en etiquetar este registro!

MARC

LEADER 00000naa$a2200000$$$4500
001 0084101
005 20240502071939.6
041 0 |a slo 
044 |a SK 
245 1 0 |a Modelová analýza vývoja štátneho rozpočtu SR  |c Marián Goga 
520 |a Niektoré súvislosti vo vývoji štátneho rozpočtu. Ekonometrický model štátneho rozpočtu SR a jeho experimentálna aplikácia. 
610 2 0 |a Slovensko 
610 2 0 |a rozpočet štátny 
610 2 0 |a modely ekonometrické 
610 2 0 |a produkt domáci hrubý 
610 2 0 |a analýza ekonometrická 
610 2 0 |a úroveň rozvoja hospodárskeho 
610 2 0 |a ukazovatele makroekonomické 
100 1 |a Goga, Marián